| 000 | 00675nac a22002051u 4500 | ||
|---|---|---|---|
| 010 | _a 92035842 | ||
| 020 | _a0471574511 (cloth) | ||
| 020 | _a0471600113 | ||
| 082 | 0 | 0 |
_a621.3192 _bD6955 |
| 090 |
_c4395 _d4395 |
||
| 100 | _aDorf, Richard C. | ||
| 245 | 1 | 0 |
_aIntroduction to electric circuits / _cRichard C. Dorf. |
| 250 | _a2nd ed. | ||
| 260 |
_aNew York : _bWiley, _cc1993. |
||
| 300 |
_axviii, 874 p. : _bill. ; _c27 cm. |
||
| 500 | _aIncludes index. | ||
| 650 | 0 | _aElectric circuits. | |
| 942 |
_cBB _k621.3192D6955 |
||
| 999 |
_c4395 _d4395 |
||